NBA Team Nicknames - Statistics

General Stats
  • This quiz has been taken 29 times
  • The average score is 3 of 14
Answer Stats
Hint Answer % Correct
Los Angeles Clippers Clips
40%
Charlotte Hornets Buzz City
35%
Golden State Warriors The Bay
35%
Cleveland Cavaliers The Land
35%
Houston Rockets H-Town
30%
Indiana Pacers Indy
30%
Miami Heat Heat Culture
25%
Denver Nuggets 5280
20%
Detroit Pistons Motor City
20%
Phoenix Suns The Valley
20%
Portland Trail Blazers Rip City
15%
Brooklyn Nets Bed-Stuy
5%
Philadelphia 76ers Brotherly Love
5%
New Orleans Pelicans Crescent City
5%
No matching quizzes found
Score Distribution
Percent of People with Each Score
Percentile by Number Answered
Your Score History
You have not taken this quiz